000 00715nam a22002057a 4500
999 _c183633
_d183633
005 20211230112947.0
010 _aENG-130777
020 _a978-93-89811-58-2
_c275.00
035 _aEN-114309
037 _bDBAD
082 _a363.7
100 _aPrakash, Om
245 _aEnvironmental Studies and Pedagogy:
_cOm Prakash, Bimla Prakash, Sunita
_bCTET/TET Subject-wise Magical Series Based on the Latest Pattern/
260 _aChennai
_bMcGraw Hill Education Private Limited
_c2017
270 _a444/1, Sri Ekambara Naicker Industrial Estate, Alapakkam, Porur
_bChennai
_e600116
300 _a312p
_c23cm(pbk)
700 _aPrakash, Bimla
700 _aSunita
942 _2ddc
_cEN
_h363.7
_mPRA